000
00414nam a2200145Ia 4500
008
100204s9999 xx 000 0 und d
082
_b
4004
100
_a
सिनकर श्रीकांत
245
_a
लॉक अप
260
_b
"दिलिप प्रकाशन , मुंबई"
_c
1975
300
_a
193
630
_a
लॉक अप
730
_a
लॉक अप
942
_c
BOOK
999
_c
465689
_d
465686